Presidents from 24 Quiz Stats

 Plays Quiz Updated Jan 17, 2020

Support Sporcle.
Go Orange.
Score 0/9 Timer 03:00
0 Plays Today
Season President % Correct
Seasons 2-3David Palmer
96.3%
Season 6Way­ne Palmer
81.8%
Seasons 4-5Charles Logan
69.1%
Seasons 7-8 and RedemptionAllison Taylor
63%
Live Another DayJames Heller
51.2%
Season 6 and RedemptionNoah Daniels
30.7%
Season 4John Keeler
23.2%
Season 2James Prescott
13.9%
Season 5Hal Gardner
12.6%

From the Vault

DO + The Right Thing

by sproutcm

Always do the right thing. That's it.
Remove Ads.
Support Sporcle.
Get the best of Sporcle when you Go Orange. This ad-free experience offers more features, more stats, and more fun while also helping to support Sporcle. Thank you for becoming a member.

Show Comments

Extras

Top Quizzes Today


Score Distribution

Your Account Isn't Verified!

In order to create a playlist on Sporcle, you need to verify the email address you used during registration. Go to your Sporcle Settings to finish the process.

Report this User

Report this user for behavior that violates our Community Guidelines.

Details: